Aterrizamiento durante la instalación y mantenimiento de líneas de transmisión aéreas

Spremljeno u:
Bibliografski detalji
Glavni autor: Rojas Campos, Marvin Alfonso
Format: Knjiga
Izdano: [San José, Costa Rica] 2002
Teme:
Oznake: Dodaj oznaku
Bez oznaka, Budi prvi tko označuje ovaj zapis!

MARC

LEADER 00000nam a2200000Ia 4500
003 009092
005 20221231144150.0
008 140114s2002 cr a m 000 ||sp d
040 |c cru CEDI 
090 |a TFG 4644 
100 |a Rojas Campos, Marvin Alfonso  |9 7132 
245 |a Aterrizamiento durante la instalación y mantenimiento de líneas de transmisión aéreas 
260 |c 2002  |a  [San José, Costa Rica] 
300 |a  v, 105 páginas : ilustraciones 
500 |a  Proyecto de graduación (bachillerato en ingeniería eléctrica)--Universidad de Costa Rica. Facultad de Ingeniería. Escuela de Ingeniería Eléctrica 
650 |x DISTRIBUCION DE ENERGIA ELECTRICA - ALTA TENSION  |9 7133 
942 |c TFG 
999 |c 17832  |d 17832